Sanat - "Vittu nyt on kevät" - Alvari - Statistics

Yleistilastot
  • Tätä visaa on pelattu 10 kertaa
  • Keskiarvotulos 105 / 187
Vastaustilastot
Vastaus % Oikein
kevät
100%
nyt
100%
on
100%
Vittu
100%
vittu
100%
ja
88%
88%
elää
75%
en
75%
enää
75%
haluan
75%
haluu
75%
talvee
75%
vähän
75%
jo
63%
mua
63%
pääs
63%
taa
63%
viel
63%
ei
50%
herää
50%
jääs
50%
kaikki
50%
Kaivarin
50%
Kukat
50%
kukat
50%
meri
50%
naurattaa
50%
nauttimaan
50%
nukkuu
50%
puhkeaa
50%
pysty
50%
rannassa
50%
samalt
50%
tuntuu
50%
vaan
50%
vaik
50%
viimein
50%
aikaan
38%
alkaa
38%
aurinko
38%
aurinkolasien
38%
auttaa
38%
feikki
38%
helppo
38%
hymyilen
38%
irtaantuu
38%
jaksa
38%
jos
38%
jotenki
38%
kuin
38%
kukaan
38%
kuulemma
38%
mikä
38%
miksen
38%
paistaa
38%
piiloutua
38%
samaan
38%
sulanut
38%
sun
38%
tunnista
38%
uskoisi
38%
vaikka
38%
valtaosin
38%
vihdoinkin
38%
asiat
25%
haluisin
25%
jään
25%
kaiken
25%
kertoisin
25%
mut
25%
muu
25%
niin
25%
oo
25%
rakastaa
25%
se
25%
tulee
25%
ainakaan
13%
Äiti
13%
et
13%
hakemaan
13%
ilmaantuu
13%
itteeni
13%
itteni
13%
joku
13%
löydän
13%
mahottomist
13%
mennyt
13%
mietin
13%
mikään
13%
sano
13%
tähän
13%
tännekin
13%
täst
13%
tilanteist
13%
toivois
13%
tulla
13%
vaikeit
13%
välil
13%
vei
13%
venaamaan
13%
voisko
13%
vuos
13%
näin
0%
no
0%
tai
0%
Ehtoja vastaavia visoja ei löytynyt
Tulosjakauma
Jokaisen tuloksen saaneiden osuus
Persentiili vastausten määrän mukaan
Tuloshistoriasi
Et ole pelannut tätä visaa